000 01930nam a2200445 a 4500
003 AR-BaBNM
005 20251128210605.0
008 082120s2002 ||||||||||||||000 | spa||
020 _a84-369-2990-x
040 _cAR-BaBNM
100 1 _aCalvet, Miquel
245 0 0 _aLos ácidos y las bases
_bsustancias contrapuestas
260 _aMadrid
_bMinisterio de Educacion y Ciencia (España)
_bMinisterio de Cultura y Educación (Argentina)
_bMinisterio de Educación (Cuba)
_bMinisterio de Educación (Venezuela)
_bUniversidad Nacional de Educación a Distancia
_bUniversidad Autónoma de Barcelona
_c1997
300 _a86 p.
_btablas, gráfs.
_evideo
490 0 _aCurso de formación de profesores de ciencias. Propiedades y estructura de la materia
_vv. 5
500 _aEste material forma parte del curso de enseñanza a distancia para la Televisión Educativa Iberoamericana. Se compone de 29 unidades didácticas que constan de un material impreso y de un programa audiovisual. Solicitar en MEDIATECA videos de Forciencias
500 _aContiene referencias bibliográficas
610 2 4 _aAsociación de Televisión Educativa Iberoamericana
650 4 _aACTIVIDADES DE APRENDIZAJE
650 4 _aMETODOS DE ENSEÑANZA
650 4 _aQUIMICA
650 4 _aPROPIEDADES QUIMICAS
650 4 _aACIDOS
651 4 _aEspaña
653 _aENSEÑANZA DE LAS CIENCIAS NATURALES
653 _aFORMACION DOCENTE CONTINUA
653 _aTERCER CICLO DE LA EGB
653 _aSEGUNDO CICLO DE LA EGB
653 _aEDUCACION SECUNDARIA
653 _aUNIDADES DIDACTICAS
700 1 _aBoix, Montserrat
_ecolaborador
700 1 _aGamero, Silvia
_ecolaborador
700 1 _aParís, Mary
_ecolaborador
700 1 _aSánchez, Montserrat
_ecolaborador
700 1 _aSolsona, Nuria
_ecolaborador
700 1 _aSanmartí, Neus
_ecolaborador
700 1 _aGil Pérez, Daniel
_erevisión
942 _cBK
998 _cRaquel
999 _c16069
_d16069